000 00617nam a2200169 a 4500
001 000027849
005 20200930031139.0
008 110405s19uu dr ab 000 0 spa d
040 _aDO-SdBNP
_bspa
_cBNPHU
082 _axxx
_bS129g
100 1 _aSagawe, Thorsten
_937272
245 1 0 _aGeografía, población e historia en R. D. al través de los siglos /
_cThorsten Sagawe.
260 _aSanto Domingo :
_bUniversidad Autónoma de Santo Domingo ;
_bInstituto de Investigaciones Socioeconómicas (INISE),
_c[19--?].
300 _a92 p. :
_bgraf., mapas ;
_c22 cm.
504 _aBibliografía : p. 89-92
049 _aBNPD
999 _c27341
_d27341